[Event "Turkey IS Bank Super League 2017"]
[Site "Darica-Kocaeli"]
[Date "2017.07.30"]
[Round "5"]
[White "Ozbay, Ece"]
[Black "Celik, Eda"]
[Result "1-0"]
[WhiteElo "1970"]
[BlackElo "1939"]
[Annotator "NA"]
[PlyCount "115"]
[EventType "team-tourn"]
[EventCountry "TUR"]
[SourceTitle "playchess.com"]
[Source "ChessBase"]
[SourceQuality "1"]
[TimeControl "40/5400+30:1800+30"]

1. e4 {[%emt 0:00:30]} c6 {[%emt 0:01:00]} 2. d4 {[%emt 0:01:30]} d5 {[%emt 0:00:30]} 3. e5 {[%emt 0:00:00]} Bf5 {[%emt 0:00:30]} 4. Nf3 {[%emt 0:01:00]} e6 {[%emt 0:00:30]} 5. Be2 {[%emt 0:00:00]} Nd7 {[%emt 0:00:30] LiveBook: 2143 Games} 6. Be3 {[%emt 0:02:00]} h6 {[%emt 0:02:30]} 7. O-O {[%emt 0:04:30]} Ne7 {[%emt 0:00:30]} 8. Nbd2 $11 {[%emt 0:08:30]} Bh7 {[%emt 0:01:30]} 9. c3 {[%emt 0:07:30]} Ng6 {[%emt 0:03:30]} 10. b4 {[%emt 0:03:30]} f6 {[%emt 0:25:30]} 11. exf6 {[%emt 0:00:30]} gxf6 {[%emt 0:00:30]} 12. Bd3 {[%emt 0:07:30]} e5 {[%emt 0:03:30]} 13. Bxg6+ {[%emt 0:01:30]} Bxg6 {[%emt 0:00:30]} 14. Nh4 {[%emt 0:00:30]} Bf7 {[%emt 0:04:30]} 15. f4 {[%emt 0:03:30]} e4 {[%emt 0:00:30]} 16. f5 {[%emt 0:00:00]} Bd6 {[%emt 0:03:30]} 17. Ng6 {[%emt 0:16:00]} Bxg6 {[%emt 0:11:30]} 18. fxg6 {[%emt 0:00:30]} Qe7 {[%emt 0:01:30]} 19. Qh5 {[%emt 0:05:30]} Qg7 {[%emt 0:00:00]} 20. c4 {[%emt 0:02:30]} dxc4 {[%emt 0:11:00]} 21. Nxe4 {[%emt 0:01:30]} Be7 {[%emt 0:13:53]} 22. Rae1 {[%emt 0:12:30]} O-O-O {[%emt 0:01:20]} 23. Ng3 {[%emt 0:00:39]} Bxb4 {[%emt 0:05:43]} 24. Nf5 {[%emt 0:00:48]} Qg8 {[%emt 0:00:23]} 25. Rb1 {[%emt 0:00:03]} Ba3 {[%emt 0:00:57]} 26. Bc1 {[%emt 0:00:30]} Bf8 {[%emt 0:02:38]} 27. g7 {[%emt 0:00:30]} Rh7 {[%emt 0:00:00]} 28. gxf8=Q {[%emt 0:00:30]} Qxf8 {[%emt 0:00:10]} 29. Bxh6 {[%emt 0:03:34]} Qa3 {[%emt 0:02:21]} 30. Rf3 {[%emt 0:03:29]} Qxa2 {[%emt 0:02:15]} 31. Nd6+ {[%emt 0:02:04]} Kb8 {[%emt 0:00:05]} 32. Rff1 {[%emt 0:06:57]} Nb6 {[%emt 0:00:40]} 33. Nf7 {[%emt 0:05:31]} Rg8 {[%emt 0:01:50]} 34. g3 {[%emt 0:00:01]} Nd5 {[%emt 0:00:47]} 35. Rbe1 {[%emt 0:01:08]} Ka8 {[%emt 0:00:45]} 36. Nd6 {[%emt 0:00:42]} Re7 {[%emt 0:00:37]} 37. Rxe7 {[%emt 0:00:35]} Nxe7 {[%emt 0:00:05]} 38. Re1 {[%emt 0:00:21]} Qa3 {[%emt 0:00:56]} 39. Rxe7 {[%emt 0:00:34]} Qxd6 {[%emt 0:00:22]} 40. Re8+ {[%emt 0:00:51]} Rxe8 {[%emt 0:30:30]} 41. Qxe8+ {[%emt 0:30:30]} Qb8 {[%emt 0:00:00]} 42. Qxb8+ {[%emt 0:00:00]} Kxb8 {[%emt 0:00:00]} 43. Bd2 {[%emt 0:00:00]} Kc7 {[%emt 0:00:00]} 44. Kf2 {[%emt 0:00:00]} Kd6 {[%emt 0:00:00]} 45. Ke3 {[%emt 0:00:00]} Ke6 {[%emt 0:00:00]} 46. Kf4 {[%emt 0:00:00]} f5 {[%emt 0:00:00]} 47. Kg5 {[%emt 0:00:00]} b6 {[%emt 0:00:00]} 48. Kg6 {[%emt 0:00:00]} a5 {[%emt 0:00:00]} 49. h4 {[%emt 0:00:00]} a4 {[%emt 0:00:00]} 50. h5 {[%emt 0:00:00]} a3 {[%emt 0:00:00]} 51. h6 {[%emt 0:00:00]} a2 {[%emt 0:00:00]} 52. Bc3 {[%emt 0:00:00]} b5 {[%emt 0:00:00]} 53. h7 {[%emt 0:00:00]} b4 {[%emt 0:00:00]} 54. Ba1 {[%emt 0:00:00]} c3 {[%emt 0:00:00]} 55. h8=Q {[%emt 0:00:00]} c2 {[%emt 0:00:00]} 56. Qg8+ {[%emt 0:00:00]} Kd6 {[%emt 0:00:00]} 57. Qc4 {[%emt 0:00:00]} b3 {[%emt 0:00:00]} 58. Qc3 {[%emt 0:00:00]} 1-0

[Event "Turkey IS Bank Super League 2017"]
[Site "Darica-Kocaeli"]
[Date "2017.07.30"]
[Round "5"]
[White "Yassibag, Ipek Asli"]
[Black "Sade, Defne"]
[Result "1/2-1/2"]
[WhiteElo "1880"]
[BlackElo "1654"]
[Annotator "NA"]
[PlyCount "154"]
[EventType "team-tourn"]
[EventCountry "TUR"]
[SourceTitle "playchess.com"]
[Source "ChessBase"]
[SourceQuality "1"]
[TimeControl "40/5400+30:1800+30"]

1. e4 {[%emt 0:00:30]} e5 {[%emt 0:01:00]} 2. Nf3 {[%emt 0:00:30]} Nc6 {[%emt 0:00:30]} 3. Bc4 {[%emt 0:00:30]} Bc5 {[%emt 0:00:30]} 4. O-O {[%emt 0:00:30]} d6 {[%emt 0:00:30]} 5. c3 {[%emt 0:03:30]} Bb6 {[%emt 0:01:30]} 6. d4 {[%emt 0:02:30]} Bg4 {[%emt 0:03:30]} 7. d5 {[%emt 0:09:30]} Nce7 {[%emt 0:03:30]} 8. h3 $11 {[%emt 0:01:30]} Bd7 {[%emt 0:10:30]} 9. a4 {[%emt 0:04:30]} a6 {[%emt 0:00:30]} 10. a5 {[%emt 0:14:30]} Ba7 {[%emt 0:00:00]} 11. b4 {[%emt 0:05:30]} Nf6 {[%emt 0:02:00]} 12. Bd3 {[%emt 0:00:30]} O-O {[%emt 0:03:30]} 13. c4 {[%emt 0:02:30]} Ng6 {[%emt 0:02:30]} 14. Nc3 {[%emt 0:00:30]} Nh5 {[%emt 0:04:30]} 15. Ne2 {[%emt 0:07:30]} Qc8 {[%emt 0:09:30]} 16. Kh2 {[%emt 0:03:30]} h6 {[%emt 0:12:30]} 17. Ra3 {[%emt 0:04:30]} Re8 {[%emt 0:04:30]} 18. Rc3 {[%emt 0:03:30]} Qd8 {[%emt 0:13:30]} 19. c5 {[%emt 0:02:30]} Nh4 {[%emt 0:07:19]} 20. Nxh4 {[%emt 0:05:30]} Qxh4 {[%emt 0:00:09]} 21. Ng1 {[%emt 0:00:00]} g6 {[%emt 0:06:59]} 22. Nf3 {[%emt 0:03:00]} Qe7 {[%emt 0:02:51]} 23. c6 {[%emt 0:01:30]} bxc6 {[%emt 0:02:31]} 24. dxc6 {[%emt 0:00:00]} Bc8 {[%emt 0:01:26]} 25. Bxh6 {[%emt 0:01:00]} d5 {[%emt 0:01:14]} 26. Rb3 {[%emt 0:05:11]} dxe4 {[%emt 0:00:49]} 27. Bxe4 {[%emt 0:00:14]} Be6 {[%emt 0:00:00]} 28. Rb2 {[%emt 0:01:19]} Bc4 {[%emt 0:00:09]} 29. Bg5 {[%emt 0:01:06]} Qe6 {[%emt 0:01:59]} 30. Re1 {[%emt 0:01:23]} f5 {[%emt 0:00:44]} 31. Bb1 {[%emt 0:05:51]} e4 {[%emt 0:00:39]} 32. Qd7 {[%emt 0:01:57]} Qd6+ {[%emt 0:00:00]} 33. Qxd6 {[%emt 0:00:00]} cxd6 {[%emt 0:00:00]} 34. Nh4 {[%emt 0:00:00]} Kh7 {[%emt 0:00:00]} 35. Ba2 {[%emt 0:00:00]} d5 {[%emt 0:00:00]} 36. Bxc4 {[%emt 0:00:00]} dxc4 {[%emt 0:00:00]} 37. Rc1 {[%emt 0:00:00]} c3 {[%emt 0:00:00]} 38. Rbc2 {[%emt 0:00:00]} Bd4 {[%emt 0:00:00]} 39. Rd1 {[%emt 0:00:00]} Be5+ {[%emt 0:00:00]} 40. Kg1 {[%emt 0:00:00]} Rac8 {[%emt 0:10:11]} 41. Rd7+ {[%emt 0:12:59]} Ng7 {[%emt 0:00:30]} 42. f4 {[%emt 0:07:30]} exf3 {[%emt 0:00:30]} 43. Nxf3 {[%emt 0:00:00]} Rxc6 {[%emt 0:01:30]} 44. Nxe5 {[%emt 0:00:00]} Rxe5 {[%emt 0:00:30]} 45. Be7 {[%emt 0:00:30]} Re1+ {[%emt 0:18:16]} 46. Kh2 {[%emt 0:02:30]} Kg8 {[%emt 0:06:15]} 47. Bc5 {[%emt 0:01:30]} Ne6 {[%emt 0:00:30]} 48. Rxc3 {[%emt 0:00:30]} Nxc5 {[%emt 0:02:19]} 49. Rxc5 {[%emt 0:02:35]} Rxc5 {[%emt 0:01:37]} 50. bxc5 {[%emt 0:00:30]} Rc1 {[%emt 0:00:00]} 51. Rd6 {[%emt 0:01:33]} Kf7 {[%emt 0:00:00]} 52. Rxa6 {[%emt 0:02:02]} Rxc5 {[%emt 0:00:19]} 53. Ra8 {[%emt 0:00:17]} Rc3 {[%emt 0:00:02]} 54. a6 {[%emt 0:01:02]} Ra3 {[%emt 0:00:03]} 55. a7 {[%emt 0:00:50]} Kg7 {[%emt 0:00:07]} 56. h4 {[%emt 0:00:46]} Kh7 {[%emt 0:00:06]} 57. Kg1 {[%emt 0:00:22]} Ra2 {[%emt 0:00:30]} 58. Kh2 {[%emt 0:00:30]} Ra3 {[%emt 0:00:21]} 59. g3 {[%emt 0:02:44]} Kg7 {[%emt 0:01:40]} 60. Kg2 {[%emt 0:00:20]} Kh7 {[%emt 0:00:21]} 61. Kf2 {[%emt 0:01:03]} Kg7 {[%emt 0:00:10]} 62. Ke2 {[%emt 0:00:44]} Kh7 {[%emt 0:00:08]} 63. Kd2 {[%emt 0:00:14]} Kg7 {[%emt 0:00:18]} 64. Kc2 {[%emt 0:00:04]} Kh7 {[%emt 0:01:05]} 65. Kb2 {[%emt 0:00:30]} Ra6 {[%emt 0:00:00]} 66. Kc3 {[%emt 0:00:00]} Kg7 {[%emt 0:00:00]} 67. Kd4 {[%emt 0:01:03]} Ra5 {[%emt 0:00:11]} 68. Kc4 {[%emt 0:01:08]} Ra1 {[%emt 0:00:39]} 69. Kb5 {[%emt 0:00:25]} Rb1+ {[%emt 0:00:29]} 70. Kc5 {[%emt 0:00:29]} Rc1+ {[%emt 0:00:31]} 71. Kd6 {[%emt 0:00:13]} Rd1+ {[%emt 0:00:00]} 72. Ke5 {[%emt 0:00:09]} Re1+ {[%emt 0:00:17]} 73. Kf4 {[%emt 0:00:51]} Re4+ {[%emt 0:00:39]} 74. Kf3 {[%emt 0:00:30]} Ra4 {[%emt 0:00:00]} 75. Ke3 {[%emt 0:00:59]} Kh7 {[%emt 0:00:10]} 76. Kd3 {[%emt 0:01:15]} Kg7 {[%emt 0:00:10]} 77. Kc3 {[%emt 0:00:00]} Kh7 {[%emt 0:01:38]} 1/2-1/2

[Event "Turkey IS Bank Super League 2017"]
[Site "Darica-Kocaeli"]
[Date "2017.07.30"]
[Round "5"]
[White "Ayan, Bengu Sena"]
[Black "Yurdakul, Didem Nuray"]
[Result "1-0"]
[WhiteElo "1862"]
[BlackElo "1697"]
[Annotator "NA"]
[PlyCount "69"]
[EventType "team-tourn"]
[EventCountry "TUR"]
[SourceTitle "playchess.com"]
[Source "ChessBase"]
[SourceQuality "1"]
[TimeControl "40/5400+30:1800+30"]

1. d4 {[%emt 0:00:30]} d5 {[%emt 0:01:00]} 2. c4 {[%emt 0:00:30]} e6 {[%emt 0:00:30]} 3. Nf3 {[%emt 0:00:00]} Nf6 {[%emt 0:00:30]} 4. g3 {[%emt 0:01:00]} Be7 {[%emt 0:03:30]} 5. Bg2 {[%emt 0:00:00]} O-O {[%emt 0:00:30]} 6. O-O {[%emt 0:00:00]} c6 {[%emt 0:01:30]} 7. Qc2 {[%emt 0:00:30]} Nbd7 {[%emt 0:01:30]} 8. Nbd2 {[%emt 0:00:30]} b6 {[%emt 0:01:30]} 9. e4 {[%emt 0:00:30]} Bb7 {[%emt 0:00:00]} 10. b3 $11 {[%emt 0:16:30] LiveBook: 119 Games} Rc8 {[%emt 0:05:00]} 11. e5 {[%emt 0:04:30]} Ne8 {[%emt 0:00:30]} 12. Bb2 {[%emt 0:01:30]} Rc7 {[%emt 0:06:30]} 13. Rac1 {[%emt 0:04:30]} c5 {[%emt 0:12:30]} 14. Qb1 {[%emt 0:01:30]} Qa8 {[%emt 0:07:30]} 15. Ba3 {[%emt 0:08:30]} dxc4 {[%emt 0:07:30]} 16. bxc4 {[%emt 0:07:30]} Qd8 {[%emt 0:01:30]} 17. Rfe1 {[%emt 0:03:30]} cxd4 {[%emt 0:07:30]} 18. Bxe7 {[%emt 0:01:30]} Qxe7 {[%emt 0:00:00]} 19. Nxd4 {[%emt 0:10:30]} Bxg2 {[%emt 0:01:00]} 20. Kxg2 {[%emt 0:00:30]} Nc5 {[%emt 0:03:30]} 21. N2b3 {[%emt 0:02:30]} Rc8 {[%emt 0:06:30]} 22. Nxc5 {[%emt 0:02:30]} Rxc5 {[%emt 0:02:30]} 23. Qe4 {[%emt 0:01:30]} a6 {[%emt 0:07:30]} 24. a4 {[%emt 0:06:30]} Qa7 {[%emt 0:04:06]} 25. f3 {[%emt 0:03:30]} Nc7 {[%emt 0:01:40]} 26. Nb3 {[%emt 0:00:30]} f5 {[%emt 0:03:20]} 27. exf6 {[%emt 0:02:31]} Rf5 {[%emt 0:04:13]} 28. fxg7 {[%emt 0:00:29]} Kxg7 {[%emt 0:00:00]} 29. Nd4 {[%emt 0:03:04]} R5f6 {[%emt 0:00:47]} 30. Nc6 {[%emt 0:03:06]} Qa8 {[%emt 0:00:52]} 31. Qg4+ {[%emt 0:00:25]} Kh8 {[%emt 0:02:09]} 32. Ne5 {[%emt 0:00:21]} Qe8 {[%emt 0:01:01]} 33. Qd4 {[%emt 0:02:38]} Qa8 {[%emt 0:04:01]} 34. Re3 {[%emt 0:01:27]} Qd8 {[%emt 0:01:38]} 35. Nf7+ {[%emt 0:00:38]} 1-0

[Event "Turkey IS Bank Super League 2017"]
[Site "Darica-Kocaeli"]
[Date "2017.07.30"]
[Round "5"]
[White "Kargaci, Humeyra"]
[Black "Avramidou, Anastasia"]
[Result "0-1"]
[WhiteElo "1737"]
[BlackElo "2247"]
[Annotator "NA"]
[PlyCount "92"]
[EventType "team-tourn"]
[EventCountry "TUR"]
[SourceTitle "playchess.com"]
[Source "ChessBase"]
[SourceQuality "1"]
[TimeControl "40/5400+30:1800+30"]

1. d4 {[%emt 0:00:30]} Nf6 {[%emt 0:01:00]} 2. Nf3 {[%emt 0:00:30]} e6 {[%emt 0:00:30]} 3. c4 {[%emt 0:00:30]} b6 {[%emt 0:00:30]} 4. Nc3 {[%emt 0:00:30]} Bb7 {[%emt 0:00:00]} 5. g3 {[%emt 0:00:30]} d5 {[%emt 0:01:00]} 6. cxd5 {[%emt 0:00:30]} exd5 {[%emt 0:00:30]} 7. Bg2 {[%emt 0:00:30]} Be7 {[%emt 0:00:30]} 8. Bf4 {[%emt 0:00:30]} O-O {[%emt 0:00:30]} 9. O-O {[%emt 0:00:30]} Na6 {[%emt 0:03:30]} 10. Rc1 {[%emt 0:01:30]} Re8 {[%emt 0:04:30]} 11. Qc2 {[%emt 0:08:30]} c6 {[%emt 0:08:30]} 12. Rfd1 {[%emt 0:03:30]} Nc7 {[%emt 0:05:30]} 13. Nh4 $11 {[%emt 0:15:30]} Ne6 {[%emt 0:03:30]} 14. Nf5 {[%emt 0:02:30]} Nxf4 {[%emt 0:01:30]} 15. Nxe7+ {[%emt 0:00:30]} Qxe7 {[%emt 0:08:30]} 16. gxf4 {[%emt 0:00:30]} Ng4 {[%emt 0:00:00]} 17. h3 {[%emt 0:00:30]} Nh6 {[%emt 0:00:00]} 18. e3 {[%emt 0:02:30]} Qh4 {[%emt 0:05:30]} 19. Ne2 {[%emt 0:06:30]} Re6 {[%emt 0:04:30]} 20. f5 {[%emt 0:10:30]} Rf6 {[%emt 0:04:30]} 21. Ng3 {[%emt 0:00:30]} Re8 {[%emt 0:01:30]} 22. e4 {[%emt 0:13:30]} Bc8 {[%emt 0:10:30]} 23. e5 {[%emt 0:11:39]} Bxf5 {[%emt 0:03:30]} 24. Nxf5 {[%emt 0:00:34]} Rxf5 {[%emt 0:00:30]} 25. Qxc6 {[%emt 0:00:00]} Qxf2+ {[%emt 0:01:30]} 26. Kh1 {[%emt 0:00:49]} Rf8 {[%emt 0:00:30]} 27. Qxd5 {[%emt 0:00:00]} Rg5 {[%emt 0:08:30]} 28. Rf1 {[%emt 0:04:16]} Qxb2 {[%emt 0:00:30]} 29. Rc7 {[%emt 0:00:10]} g6 {[%emt 0:06:45]} 30. Rxa7 {[%emt 0:05:29]} Rf5 {[%emt 0:04:09]} 31. Rxf5 {[%emt 0:03:00]} Nxf5 {[%emt 0:00:05]} 32. e6 {[%emt 0:00:24]} Qc1+ {[%emt 0:00:30]} 33. Kh2 {[%emt 0:00:30]} Qf4+ {[%emt 0:00:00]} 34. Kg1 {[%emt 0:03:31]} Qe3+ {[%emt 0:00:00]} 35. Kh2 {[%emt 0:00:08]} fxe6 {[%emt 0:06:39]} 36. Qd7 {[%emt 0:02:33]} Qf4+ {[%emt 0:00:07]} 37. Kg1 {[%emt 0:02:08]} Qxd4+ {[%emt 0:00:30]} 38. Qxd4 {[%emt 0:00:30]} Nxd4 {[%emt 0:00:00]} 39. Rb7 {[%emt 0:00:00]} b5 {[%emt 0:00:08]} 40. Rd7 {[%emt 0:00:00]} Ne2+ {[%emt 0:02:07]} 41. Kh1 {[%emt 0:02:49]} Rf2 {[%emt 0:01:30]} 42. Bc6 {[%emt 0:01:30]} b4 {[%emt 0:02:30]} 43. Rb7 {[%emt 0:01:30]} Nd4 {[%emt 0:01:30]} 44. Ba4 {[%emt 0:01:30]} Nf3 {[%emt 0:00:30]} 45. Rb8+ {[%emt 0:01:30]} Kg7 {[%emt 0:00:30]} 46. Rb7+ {[%emt 0:01:30]} Kh6 {[%emt 0:00:00]} 0-1

[Event "Turkey IS Bank Super League 2017"]
[Site "Darica-Kocaeli"]
[Date "2017.07.30"]
[Round "5"]
[White "Aluc, Bulut Evrim"]
[Black "Ayazmali, Gizem"]
[Result "1-0"]
[WhiteElo "1699"]
[BlackElo "1849"]
[Annotator "NA"]
[PlyCount "105"]
[EventType "team-tourn"]
[EventCountry "TUR"]
[SourceTitle "playchess.com"]
[Source "ChessBase"]
[SourceQuality "1"]
[TimeControl "40/5400+30:1800+30"]

1. d4 {[%emt 0:00:30]} Nf6 {[%emt 0:02:00]} 2. c4 {[%emt 0:00:30]} g6 {[%emt 0:00:30]} 3. Nc3 {[%emt 0:00:30]} Bg7 {[%emt 0:00:30]} 4. e4 {[%emt 0:00:30]} d6 {[%emt 0:00:00]} 5. f4 {[%emt 0:00:00]} c5 {[%emt 0:00:00]} 6. d5 {[%emt 0:00:00]} O-O $11 {[%emt 0:00:00] LiveBook: 562 Games} 7. Nf3 {[%emt 0:00:00]} e6 {[%emt 0:00:00]} 8. Be2 {[%emt 0:13:00]} exd5 {[%emt 0:00:30]} 9. exd5 {[%emt 0:01:30]} Bf5 {[%emt 0:07:30]} 10. O-O {[%emt 0:00:30]} Re8 {[%emt 0:04:30]} 11. Bd3 {[%emt 0:06:30]} Ne4 {[%emt 0:15:30]} 12. Nxe4 {[%emt 0:00:30]} Bxe4 {[%emt 0:00:00]} 13. Bxe4 {[%emt 0:01:30]} Rxe4 {[%emt 0:00:00]} 14. Qc2 {[%emt 0:00:30]} Qe7 {[%emt 0:05:30]} 15. Bd2 {[%emt 0:09:30]} Nd7 {[%emt 0:09:30]} 16. Rae1 {[%emt 0:01:30]} Re8 {[%emt 0:01:30]} 17. Qc1 {[%emt 0:18:30]} Rxe1 {[%emt 0:04:30]} 18. Rxe1 {[%emt 0:01:30]} Qd8 {[%emt 0:00:30]} 19. Bc3 {[%emt 0:03:30]} Nf6 {[%emt 0:05:30]} 20. Qb1 {[%emt 0:08:30]} Re7 {[%emt 0:05:30]} 21. f5 {[%emt 0:05:30]} Qe8 {[%emt 0:03:30]} 22. fxg6 {[%emt 0:02:30]} hxg6 {[%emt 0:00:30]} 23. Rxe7 {[%emt 0:04:30]} Qxe7 {[%emt 0:00:30]} 24. Qe1 {[%emt 0:02:01]} Qxe1+ {[%emt 0:15:03]} 25. Nxe1 {[%emt 0:00:02]} Ng4 {[%emt 0:00:18]} 26. Bxg7 {[%emt 0:02:22]} Kxg7 {[%emt 0:00:09]} 27. Nf3 {[%emt 0:00:46]} Ne3 {[%emt 0:01:30]} 28. b3 {[%emt 0:00:25]} Nd1 {[%emt 0:01:23]} 29. h3 {[%emt 0:02:06]} Nc3 {[%emt 0:01:08]} 30. a4 {[%emt 0:01:05]} Kf6 {[%emt 0:03:59]} 31. g4 {[%emt 0:00:40]} g5 {[%emt 0:06:49]} 32. Kf2 {[%emt 0:01:56]} Kg6 {[%emt 0:03:11]} 33. Ke3 {[%emt 0:04:12]} f5 {[%emt 0:01:29]} 34. gxf5+ {[%emt 0:03:30]} Kxf5 {[%emt 0:00:09]} 35. Nd2 {[%emt 0:00:38]} Nd1+ {[%emt 0:03:22]} 36. Kf3 {[%emt 0:01:36]} Nc3 {[%emt 0:00:30]} 37. Ke3 {[%emt 0:01:22]} Nd1+ {[%emt 0:00:12]} 38. Kf3 {[%emt 0:00:46]} Nc3 {[%emt 0:00:05]} 39. Ke3 {[%emt 0:00:19]} Ke5 {[%emt 0:00:50]} 40. Kd3 {[%emt 0:00:00]} Nd1 {[%emt 0:01:23]} 41. Ne4 {[%emt 0:03:14]} Nb2+ {[%emt 0:21:03]} 42. Ke3 {[%emt 0:02:30]} Nd1+ {[%emt 0:01:11]} 43. Kf3 {[%emt 0:00:30]} Nb2 {[%emt 0:02:24]} 44. Nxg5 {[%emt 0:00:30]} Nd3 {[%emt 0:04:03]} 45. Nf7+ {[%emt 0:00:30]} Kf6 {[%emt 0:00:06]} 46. Nxd6 {[%emt 0:00:30]} b6 {[%emt 0:00:52]} 47. Ne4+ {[%emt 0:02:30]} Ke5 {[%emt 0:00:13]} 48. d6 {[%emt 0:00:30]} Ke6 {[%emt 0:00:16]} 49. h4 {[%emt 0:00:30]} Nc1 {[%emt 0:02:44]} 50. h5 {[%emt 0:00:30]} Nxb3 {[%emt 0:00:05]} 51. h6 {[%emt 0:00:30]} Nd4+ {[%emt 0:00:30]} 52. Kf4 {[%emt 0:00:00]} Kf7 {[%emt 0:00:20]} 53. Ng5+ {[%emt 0:02:00]} 1-0

[Event "Turkey IS Bank Super League 2017"]
[Site "Darica-Kocaeli"]
[Date "2017.07.30"]
[Round "5"]
[White "Agirsoy, Omer Faruk"]
[Black "Gulden, Egemen"]
[Result "1-0"]
[WhiteElo "1678"]
[BlackElo "2044"]
[Annotator "NA"]
[PlyCount "83"]
[EventType "team-tourn"]
[EventCountry "TUR"]
[SourceTitle "playchess.com"]
[Source "ChessBase"]
[SourceQuality "1"]
[TimeControl "40/5400+30:1800+30"]

1. e4 {[%emt 0:00:30]} e5 {[%emt 0:01:00]} 2. Nf3 {[%emt 0:00:30]} Nc6 {[%emt 0:00:30]} 3. Bb5 {[%emt 0:00:30]} a6 {[%emt 0:00:30]} 4. Ba4 {[%emt 0:00:30]} d6 {[%emt 0:00:30]} 5. c3 {[%emt 0:01:30]} Bd7 $14 {[%emt 0:00:30] LiveBook: 854 Games} 6. O-O {[%emt 0:00:30]} Nge7 {[%emt 0:02:30]} 7. d4 {[%emt 0:00:00]} g6 {[%emt 0:02:30]} 8. Be3 {[%emt 0:00:00]} Bg7 {[%emt 0:00:30]} 9. Nbd2 {[%emt 0:04:30]} O-O {[%emt 0:00:30]} 10. Bb3 {[%emt 0:00:30]} h6 {[%emt 0:03:30]} 11. h3 {[%emt 0:02:30]} Qc8 {[%emt 0:13:30]} 12. Re1 {[%emt 0:08:30]} b6 {[%emt 0:06:30]} 13. a3 {[%emt 0:01:30]} Nd8 {[%emt 0:01:30]} 14. Qe2 {[%emt 0:08:30]} Ne6 {[%emt 0:10:30]} 15. dxe5 {[%emt 0:02:30]} dxe5 {[%emt 0:00:30]} 16. Nc4 {[%emt 0:03:30]} Nc6 {[%emt 0:02:30]} 17. Rad1 {[%emt 0:01:30]} b5 {[%emt 0:02:30]} 18. Ncd2 {[%emt 0:00:30]} Ncd8 {[%emt 0:06:30]} 19. Nf1 {[%emt 0:08:30]} Kh7 {[%emt 0:05:30]} 20. Qd2 {[%emt 0:01:30]} Be8 {[%emt 0:03:30]} 21. N1h2 {[%emt 0:01:30]} f5 {[%emt 0:08:30]} 22. exf5 {[%emt 0:04:30]} gxf5 {[%emt 0:00:30]} 23. Bc2 {[%emt 0:00:30]} e4 {[%emt 0:04:30]} 24. Nh4 {[%emt 0:00:30]} Bc6 {[%emt 0:02:30]} 25. Qe2 {[%emt 0:06:30]} Nb7 {[%emt 0:01:50]} 26. f3 {[%emt 0:04:30]} Nd6 {[%emt 0:02:28]} 27. fxe4 {[%emt 0:00:30]} fxe4 {[%emt 0:03:56]} 28. Ng4 {[%emt 0:06:30]} Qe8 {[%emt 0:04:25]} 29. Bxh6 {[%emt 0:11:30]} Bxh6 {[%emt 0:03:52]} 30. Rxd6 {[%emt 0:00:00]} cxd6 {[%emt 0:03:22]} 31. Bxe4+ {[%emt 0:00:00]} Bxe4 {[%emt 0:00:30]} 32. Qxe4+ {[%emt 0:00:30]} Kg7 {[%emt 0:01:02]} 33. Nxh6 {[%emt 0:02:45]} Kxh6 {[%emt 0:02:05]} 34. Nf5+ {[%emt 0:04:56]} Kg5 {[%emt 0:01:17]} 35. Qg4+ {[%emt 0:00:30]} Kf6 {[%emt 0:00:00]} 36. Nxd6 {[%emt 0:00:04]} Qd7 {[%emt 0:01:05]} 37. Ne4+ {[%emt 0:00:27]} Kf7 {[%emt 0:01:25]} 38. Ng5+ {[%emt 0:00:11]} Ke7 {[%emt 0:00:07]} 39. Nxe6 {[%emt 0:00:18]} Qd2 {[%emt 0:00:32]} 40. Qh4+ {[%emt 0:00:00]} Kd6 {[%emt 0:30:58]} 41. Nxf8 {[%emt 0:01:19]} Rxf8 {[%emt 0:00:00]} 42. Qe7+ {[%emt 0:00:30]} 1-0